000 00518nam a2200169 a 4500
001 000041697
005 20201002035714.0
008 131016s1986 xxua 000 0 eng d
020 _a9780440422259
040 _aDO-SdBNP
_bspa
_cBNPHU
082 _axxxx
_bxxxx
100 1 _aSnyder, Zilpka Keatley
_968514
245 1 0 _aThe egypt game /
_cZilpka Keatley Snyder ; ilustración Altin Raible.
260 _aNew York :
_bYearling Books,
_c1986.
300 _a215 p. :
_bil. ;
_c20 cm.
700 1 _aRaible, Altin,
_eil.
_968515
999 _c41186
_d41186